[Event "Madrid ch 2010-2011"]
[Site "Madrid ESP"]
[Date "2011.02.25"]
[Round "4.4"]
[White "Elissalt Cardenas, Hector"]
[Black "Spitzer Isbert, Ramon"]
[Result "1-0"]
[WhiteElo "2359"]
[BlackElo "2082"]
[PlyCount "109"]
[EventDate "2011.02.22"]
[EventType "tourn"]
[EventRounds "11"]
[EventCountry "ESP"]
[EventCategory "1"]
[Source "lmi"]
[SourceDate "2011.02.22"]

1. d4 Nf6 2. Nf3 g6 3. Nbd2 d5 4. Ne5 Bg7 5. f4 O-O 6. e3 Nbd7 7. Be2 Ne8 8.
Bf3 c6 9. c4 dxc4 10. Ndxc4 Nd6 11. b3 Nf6 12. O-O Bf5 13. a4 Nd5 14. Qe1 Bc2
15. Rf2 Bxb3 16. Na5 f6 17. Nxb3 fxe5 18. fxe5 Nf7 19. Nc5 Qc8 20. h3 Nh6 21.
e4 Nc7 22. Qc3 b6 23. Bxh6 Bxh6 24. Bg4 e6 25. Rxf8+ Bxf8 26. Nxe6 Nxe6 27. d5
Nf4 28. Qg3 Bc5+ 29. Kh1 Qf8 30. Rf1 Nh5 31. Rxf8+ Rxf8 32. Qb3 Rf1+ 33. Kh2
Bg1+ 34. Kh1 Bf2+ 35. Kh2 Bg1+ 36. Kh1 Ng3+ 37. Qxg3 Bf2+ 38. Kh2 Bxg3+ 39.
Kxg3 cxd5 40. exd5 Kf8 41. d6 Kf7 42. e6+ Kf6 43. e7 Kf7 44. Be6+ Ke8 45. Bc4
Re1 46. Kf4 h6 47. h4 b5 48. Bxb5+ Kf7 49. e8=Q+ Rxe8 50. Bxe8+ Kxe8 51. Ke5
Kf7 52. Kd5 Ke8 53. Kc6 Kd8 54. a5 a6 55. Kb6 1-0

[Event "Madrid ch 2010-2011"]
[Site "Madrid ESP"]
[Date "2011.02.25"]
[Round "4.5"]
[White "De la Fuente Gonzalez, Francisco"]
[Black "Suarez Uriel, Adrian"]
[Result "0-1"]
[WhiteElo "2230"]
[BlackElo "2193"]
[PlyCount "58"]
[EventDate "2011.02.22"]
[EventType "tourn"]
[EventRounds "11"]
[EventCountry "ESP"]
[EventCategory "1"]
[Source "lmi"]
[SourceDate "2011.02.22"]

1. c4 c5 2. g3 Nf6 3. Bg2 d5 4. cxd5 Nxd5 5. Nf3 Nc6 6. Nc3 Nc7 7. d3 e5 8. Nd2
Be7 9. O-O O-O 10. Bxc6 bxc6 11. Nc4 f6 12. Qa4 Qd7 13. Na5 Nb5 14. Nxc6 Nd4
15. Qc4+ Kh8 16. Nxe7 Qxe7 17. Be3 Bh3 18. Rfe1 Qb7 19. f3 Be6 20. Qa4 Qxb2 21.
Qa5 Qb6 22. Qa4 Rfc8 23. Rab1 Qd8 24. Rb7 c4 25. Ne4 cxd3 26. Bxd4 Rc4 27. Qb3
d2 28. Bc3 Rxc3 29. Qxc3 Qd4+ 0-1

[Event "Madrid ch 2010-2011"]
[Site "Madrid ESP"]
[Date "2011.02.25"]
[Round "4.6"]
[White "Ramirez Garcia, Jorge Alberto"]
[Black "Alcazar Jimenez, Jesus Alberto"]
[Result "1-0"]
[WhiteElo "2255"]
[BlackElo "2302"]
[PlyCount "129"]
[EventDate "2011.02.22"]
[EventType "tourn"]
[EventRounds "11"]
[EventCountry "ESP"]
[EventCategory "1"]
[Source "lmi"]
[SourceDate "2011.02.22"]

1. e4 e5 2. Nf3 Nc6 3. d4 exd4 4. Nxd4 Nf6 5. Nxc6 bxc6 6. e5 Qe7 7. Qe2 Nd5 8.
c4 Ba6 9. b3 g6 10. f4 f6 11. Ba3 Qf7 12. Qd2 Nb6 13. Bb2 O-O-O 14. c5 Bxf1 15.
cxb6 Ba6 16. Qa5 Kb7 17. bxc7 Re8 18. Nd2 Qd5 19. Qxd5 cxd5 20. O-O-O fxe5 21.
Bxe5 Ba3+ 22. Kc2 Rhf8 23. b4 Bb5 24. Kb3 d6 25. Bc3 Re3 26. Nb1 Bc1 27. Rxd5
Be8 28. Rxd6 Kxc7 29. Rd4 Re2 30. Rc4+ Kb7 31. Rxc1 Bf7 32. Bd4 Rxg2 33. Re1
Bxc4+ 34. Kxc4 Rxf4 35. Nc3 Rxh2 36. Re7+ Kc6 37. Rxa7 Rd2 38. Nb5 Rc2+ 39. Nc3
Rd2 40. Ra6+ Kd7 41. Nb5 g5 42. Ra7+ Ke6 43. Rxh7 Rxa2 44. Nc7+ Kd6 45. Ne8+
Ke6 46. Rh6+ Kf5 47. Nd6+ Kg4 48. Rg6 Rb2 49. Nb5 Rc2+ 50. Kd3 Rc8 51. Bc5 Rb8
52. Nd4 Kh5 53. Rg7 Rf6 54. Be7 Rg6 55. Rh7+ Kg4 56. Rh1 Rb7 57. Rg1+ Kh3 58.
Bc5 g4 59. Ne2 Kh2 60. Bf2 Rxb4 61. Bg3+ Kh3 62. Rh1+ Kg2 63. Rh2+ Kf1 64. Rf2+
Ke1 65. Rf4+ 1-0

[Event "Madrid ch 2010-2011"]
[Site "Madrid ESP"]
[Date "2011.03.01"]
[Round "5.1"]
[White "Alcazar Jimenez, Jesus Alberto"]
[Black "Gallardo Garcia, Andres"]
[Result "0-1"]
[WhiteElo "2302"]
[BlackElo "2370"]
[PlyCount "84"]
[EventDate "2011.02.22"]
[EventType "tourn"]
[EventRounds "11"]
[EventCountry "ESP"]
[EventCategory "1"]
[Source "lmi"]
[SourceDate "2011.02.22"]

1. Nf3 d5 2. d3 Nf6 3. Nbd2 c5 4. e4 Nc6 5. g3 g6 6. Bg2 Bg7 7. O-O O-O 8. exd5
Nxd5 9. Re1 b6 10. Nc4 Bb7 11. Nfe5 Nxe5 12. Nxe5 f6 13. Nxg6 hxg6 14. c4 Rf7
15. Qf3 e6 16. cxd5 Qxd5 17. Qxd5 exd5 18. Bf4 Rd8 19. h4 Bc8 20. d4 Bf8 21.
Red1 c4 22. a4 Bg4 23. Rdc1 Bb4 24. f3 Bf5 25. Bf1 Re8 26. g4 Bd7 27. Rc2 Re1
28. Rcc1 Rxc1 29. Bxc1 Re7 30. Bf4 Re1 31. Rxe1 Bxe1 32. h5 g5 33. Bb8 Bxa4 34.
Bxa7 b5 35. f4 b4 36. fxg5 fxg5 37. Bg2 Bc6 38. Bc5 c3 39. bxc3 bxc3 40. Be7
Bd2 41. Bb4 Be3+ 42. Kf1 c2 0-1

[Event "Madrid ch 2010-2011"]
[Site "Madrid ESP"]
[Date "2011.03.01"]
[Round "5.2"]
[White "Suarez Uriel, Adrian"]
[Black "Ramirez Garcia, Jorge Alberto"]
[Result "1-0"]
[WhiteElo "2193"]
[BlackElo "2255"]
[PlyCount "47"]
[EventDate "2011.02.22"]
[EventType "tourn"]
[EventRounds "11"]
[EventCountry "ESP"]
[EventCategory "1"]
[Source "lmi"]
[SourceDate "2011.02.22"]

1. e4 e5 2. Nf3 Nf6 3. d4 Nxe4 4. dxe5 d5 5. exd6 Bxd6 6. Nbd2 Qe7 7. Be2 O-O
8. O-O Bf5 9. Re1 Nxf2 10. Kxf2 Bc5+ 11. Kf1 Qe3 12. Ne4 Qxe4 13. Bd3 Qg4 14.
Re5 Bxd3+ 15. Qxd3 Nd7 16. Rg5 Qe6 17. Bf4 f6 18. Rd5 Rf7 19. Rd1 Qg4 20. Rxd7
Qxf4 21. Qd5 Kh8 22. Qxf7 Rg8 23. Rd8 Qc4+ 24. Qxc4 1-0

[Event "Madrid ch 2010-2011"]
[Site "Madrid ESP"]
[Date "2011.03.01"]
[Round "5.3"]
[White "Spitzer Isbert, Ramon"]
[Black "De la Fuente Gonzalez, Francisco"]
[Result "0-1"]
[WhiteElo "2082"]
[BlackElo "2230"]
[PlyCount "70"]
[EventDate "2011.02.22"]
[EventType "tourn"]
[EventRounds "11"]
[EventCountry "ESP"]
[EventCategory "1"]
[Source "lmi"]
[SourceDate "2011.02.22"]

1. e4 e5 2. Nf3 Nf6 3. d4 Nxe4 4. dxe5 d5 5. exd6 Bxd6 6. Be3 O-O 7. Nbd2 Bf5
8. Nd4 Bg6 9. h4 Nxd2 10. Qxd2 h5 11. O-O-O Nc6 12. Nxc6 bxc6 13. Qc3 Qe8 14.
Bd4 f6 15. Bc4+ Bf7 16. Rhe1 Qd7 17. Rd3 Rfe8 18. Red1 Bxc4 19. Qxc4+ Qe6 20.
Qa4 c5 21. Bc3 Qe4 22. Qa6 Qxh4 23. Rh3 Qg5+ 24. Bd2 Qg4 25. f3 Qg6 26. Rdh1
Re5 27. g4 Rae8 28. gxh5 Qf7 29. h6 g5 30. Qd3 Rd5 31. h7+ Kh8 32. Qa6 Qe6 33.
Qa5 Rxd2 34. Kxd2 Qe3+ 35. Kd1 Bf4 0-1

[Event "Madrid ch 2010-2011"]
[Site "Madrid ESP"]
[Date "2011.03.01"]
[Round "5.4"]
[White "Gemy, Jose Daniel"]
[Black "Elissalt Cardenas, Hector"]
[Result "0-1"]
[WhiteElo "2301"]
[BlackElo "2359"]
[PlyCount "78"]
[EventDate "2011.02.22"]
[EventType "tourn"]
[EventRounds "11"]
[EventCountry "ESP"]
[EventCategory "1"]
[Source "lmi"]
[SourceDate "2011.02.22"]

1. Nf3 e6 2. c4 f5 3. b3 Nf6 4. Bb2 b6 5. g3 Bb7 6. Bg2 Be7 7. O-O O-O 8. d3
Qc8 9. Nbd2 a5 10. a3 Na6 11. Qc2 Nc5 12. Rae1 Qe8 13. e4 fxe4 14. dxe4 Qh5 15.
h3 d6 16. e5 Nfd7 17. exd6 Bxd6 18. Nd4 Bxg2 19. Kxg2 e5 20. Nb5 Rf6 21. Re3
Raf8 22. Ne4 Rh6 23. Rh1 Qf5 24. Qe2 Nxe4 25. Rxe4 Bc5 26. f4 c6 27. Nc3 Bd4
28. Qf3 Nc5 29. Re2 exf4 30. g4 Rg6 31. Rd1 Bxc3 32. Bxc3 h5 33. b4 hxg4 34.
hxg4 Rxg4+ 35. Kf2 Rg3 36. Qxc6 Nd3+ 37. Rxd3 Rxd3 38. Be1 Re3 39. Rd2 Rfe8 0-1

[Event "Madrid ch 2010-2011"]
[Site "Madrid ESP"]
[Date "2011.03.01"]
[Round "5.5"]
[White "Candela Perez, Jose"]
[Black "Garcia Salamero, Gabriel"]
[Result "1-0"]
[WhiteElo "2399"]
[BlackElo "2177"]
[PlyCount "75"]
[EventDate "2011.02.22"]
[EventType "tourn"]
[EventRounds "11"]
[EventCountry "ESP"]
[EventCategory "1"]
[Source "lmi"]
[SourceDate "2011.02.22"]

1. d4 d5 2. c4 e6 3. Nc3 Nf6 4. Nf3 Be7 5. Bf4 O-O 6. e3 b6 7. Rc1 c6 8. Bd3
Bb7 9. cxd5 exd5 10. Ne5 Nbd7 11. Qf3 c5 12. O-O a6 13. Rfd1 Re8 14. g4 h6 15.
h4 g5 16. hxg5 hxg5 17. Bxg5 Nxe5 18. dxe5 Nd7 19. Bf4 Bh4 20. Bc4 Nxe5 21.
Bxe5 Rxe5 22. Bxd5 Bxd5 23. Nxd5 Ra7 24. Nb4 Qa8 25. Qxa8+ Rxa8 26. Nd5 Bd8 27.
f4 Re6 28. g5 Rc8 29. Kf2 b5 30. Kf3 Kf8 31. Rh1 Rg6 32. e4 c4 33. e5 a5 34. b3
a4 35. bxc4 bxc4 36. Rh8+ Rg8 37. Rxg8+ Kxg8 38. Ke4 1-0

[Event "Madrid ch 2010-2011"]
[Site "Madrid ESP"]
[Date "2011.03.01"]
[Round "5.6"]
[White "Ramos Aldoradin, John Paul"]
[Black "Perez Gonzalez, Jose Manuel"]
[Result "1/2-1/2"]
[WhiteElo "2125"]
[BlackElo "2279"]
[PlyCount "96"]
[EventDate "2011.02.22"]
[EventType "tourn"]
[EventRounds "11"]
[EventCountry "ESP"]
[EventCategory "1"]
[Source "lmi"]
[SourceDate "2011.02.22"]

1. e4 c5 2. Nf3 d6 3. Bb5+ Bd7 4. Bxd7+ Qxd7 5. O-O Nf6 6. e5 dxe5 7. Nxe5 Qd6
8. Qe2 Nbd7 9. Nc4 Qc7 10. Nc3 a6 11. a4 e6 12. f4 Bd6 13. Nxd6+ Qxd6 14. d3
O-O 15. Ne4 Nxe4 16. Qxe4 Qd4+ 17. Kh1 Qxe4 18. dxe4 Nf6 19. e5 Nd5 20. Bd2 b5
21. axb5 axb5 22. g3 c4 23. Kg2 b4 24. c3 b3 25. Rxa8 Rxa8 26. Kf3 h5 27. Be3
Kf8 28. Bc5+ Ke8 29. Ke4 g6 30. Kd4 Ra4 31. Rc1 Kd7 32. Bb4 Nxb4 33. cxb4 Rxb4
34. Rxc4 Rb5 35. Rc5 Rb4+ 36. Kc3 Re4 37. Kxb3 h4 38. Rc4 Re2 39. gxh4 Rxh2 40.
Ka3 Rxh4 41. Kb4 Rh2 42. b3 Re2 43. Kb5 g5 44. fxg5 Rxe5+ 45. Rc5 Re1 46. b4
Rb1 47. Ka5 Kd6 48. Rc2 Rg1 1/2-1/2

[Event "Madrid ch 2010-2011"]
[Site "Madrid ESP"]
[Date "2011.03.02"]
[Round "6.1"]
[White "Gallardo Garcia, Andres"]
[Black "Perez Gonzalez, Jose Manuel"]
[Result "1-0"]
[WhiteElo "2370"]
[BlackElo "2279"]
[PlyCount "55"]
[EventDate "2011.02.22"]
[EventType "tourn"]
[EventRounds "11"]
[EventCountry "ESP"]
[EventCategory "1"]
[Source "lmi"]
[SourceDate "2011.02.22"]

1. d4 Nf6 2. Nf3 g6 3. c4 c5 4. d5 b5 5. cxb5 a6 6. b6 a5 7. Nc3 Ba6 8. b7 Ra7
9. e4 Bxf1 10. Kxf1 Bg7 11. e5 Ng4 12. Bf4 Rxb7 13. h3 Nh6 14. g4 f5 15. Qd2
fxg4 16. Bxh6 Bxh6 17. Qxh6 gxf3 18. Qg7 Rf8 19. d6 Nc6 20. Nd5 Rf7 21. Qg8+
Rf8 22. Qxh7 Rf7 23. Qg8+ Rf8 24. Qxg6+ Rf7 25. dxe7 Nxe7 26. Nf6+ Kf8 27. Qh6+
Rg7 28. Rg1 1-0

[Event "Madrid ch 2010-2011"]
[Site "Madrid ESP"]
[Date "2011.03.02"]
[Round "6.2"]
[White "Garcia Salamero, Gabriel"]
[Black "Ramos Aldoradin, John Paul"]
[Result "1-0"]
[WhiteElo "2177"]
[BlackElo "2125"]
[PlyCount "92"]
[EventDate "2011.02.22"]
[EventType "tourn"]
[EventRounds "11"]
[EventCountry "ESP"]
[EventCategory "1"]
[Source "lmi"]
[SourceDate "2011.02.22"]

1. e4 e6 2. d4 d5 3. e5 c5 4. c3 Qb6 5. Nf3 Nc6 6. a3 Nh6 7. b4 cxd4 8. cxd4
Nf5 9. Be3 f6 10. exf6 gxf6 11. Bd3 Nxe3 12. fxe3 Qc7 13. O-O Bd6 14. Nc3 Qg7
15. Qe2 f5 16. Rad1 O-O 17. Qf2 Bd7 18. Ne2 Ne7 19. Nf4 Kh8 20. Kh1 Ng8 21. Qh4
Nf6 22. h3 Ne4 23. Bxe4 fxe4 24. Ne5 Bxe5 25. dxe5 Rg8 26. Qf6 Qxf6 27. exf6
Rg5 28. g4 Rf8 29. Nh5 Be8 30. Ng7 Rxg7 31. fxg7+ Kxg7 32. Kg2 Rxf1 33. Rxf1
Bb5 34. Rf4 h6 35. Kf2 Bd7 36. Ke2 b6 37. Kd2 a5 38. bxa5 bxa5 39. Rf1 a4 40.
Kc3 Kg6 41. Kb4 Kg5 42. Rf8 Kh4 43. Rh8 d4 44. exd4 e3 45. Kc3 Bb5 46. Rxh6+
Kg3 1-0

[Event "Madrid ch 2010-2011"]
[Site "Madrid ESP"]
[Date "2011.03.02"]
[Round "6.3"]
[White "Elissalt Cardenas, Hector"]
[Black "Candela Perez, Jose"]
[Result "1/2-1/2"]
[WhiteElo "2359"]
[BlackElo "2399"]
[PlyCount "103"]
[EventDate "2011.02.22"]
[EventType "tourn"]
[EventRounds "11"]
[EventCountry "ESP"]
[EventCategory "1"]
[Source "lmi"]
[SourceDate "2011.02.22"]

1. d4 d5 2. Nf3 c6 3. c4 Nf6 4. e3 a6 5. Nc3 Bg4 6. Qb3 Ra7 7. Ne5 Bf5 8. cxd5
cxd5 9. Be2 h6 10. O-O e6 11. Bd2 Nbd7 12. Nxd7 Nxd7 13. f3 Bg6 14. e4 dxe4 15.
fxe4 Nc5 16. dxc5 Bxc5+ 17. Kh1 Qxd2 18. Rad1 Qg5 19. Bb5+ Kf8 20. Qxe6 Kg8 21.
Qc8+ Kh7 22. Be8 b6 23. Rd7 Rxd7 24. Qxd7 Rf8 25. Qc6 Qd2 26. Rb1 Bd4 27. Rd1
Qe3 28. Qd6 Bc5 29. Qc6 Qf2 30. Rb1 Qc2 31. Qa4 Bxe4 32. Qxe4+ Qxe4 33. Nxe4
Rxe8 34. Nxc5 bxc5 35. h3 Re2 36. a3 Rc2 37. b4 cxb4 38. Rxb4 Rc3 39. Ra4 Rc6
40. Kh2 Kg6 41. Kg3 Kf5 42. Rf4+ Ke6 43. Ra4 Kd5 44. Ra5+ Ke4 45. Kf2 g5 46. h4
f6 47. hxg5 hxg5 48. Kg3 Rc3+ 49. Kg4 Rc6 50. Kg3 Kd4 51. Kg4 Ke4 52. Kg3
1/2-1/2

[Event "Madrid ch 2010-2011"]
[Site "Madrid ESP"]
[Date "2011.03.02"]
[Round "6.4"]
[White "De la Fuente Gonzalez, Francisco"]
[Black "Gemy, Jose Daniel"]
[Result "0-1"]
[WhiteElo "2230"]
[BlackElo "2301"]
[PlyCount "70"]
[EventDate "2011.02.22"]
[EventType "tourn"]
[EventRounds "11"]
[EventCountry "ESP"]
[EventCategory "1"]
[Source "lmi"]
[SourceDate "2011.02.22"]

1. c4 c6 2. g3 Nf6 3. Nf3 d5 4. b3 Bg4 5. Bb2 Nbd7 6. d4 dxc4 7. bxc4 Qb6 8.
Qb3 Bxf3 9. exf3 e6 10. Bd3 c5 11. O-O cxd4 12. Qxb6 Nxb6 13. Bxd4 O-O-O 14.
Bxb6 Rxd3 15. Bxa7 Bd6 16. a4 Rd8 17. Bb6 Rd7 18. Be3 Bb4 19. Ra2 Rb3 20. Kg2
e5 21. Nd2 Rxe3 22. fxe3 Bxd2 23. e4 Be3 24. Rb1 Rc7 25. Rb5 Nd7 26. Rc2 f6 27.
a5 Nc5 28. Re2 Bd4 29. Ra2 Nd3 30. a6 bxa6 31. Rxa6 Ne1+ 32. Kh3 Nxf3 33. Kg4
Ng5 34. Kf5 g6+ 35. Kxf6 Nxe4+ 0-1

[Event "Madrid ch 2010-2011"]
[Site "Madrid ESP"]
[Date "2011.03.02"]
[Round "6.5"]
[White "Ramirez Garcia, Jorge Alberto"]
[Black "Spitzer Isbert, Ramon"]
[Result "1-0"]
[WhiteElo "2255"]
[BlackElo "2082"]
[PlyCount "93"]
[EventDate "2011.02.22"]
[EventType "tourn"]
[EventRounds "11"]
[EventCountry "ESP"]
[EventCategory "1"]
[Source "lmi"]
[SourceDate "2011.02.22"]

1. d4 Nf6 2. e3 b6 3. Nf3 Bb7 4. c4 e6 5. a3 Ne4 6. Bd3 Be7 7. Nfd2 Nf6 8. O-O
d6 9. Nc3 Nbd7 10. b4 O-O 11. e4 e5 12. d5 Re8 13. Re1 a5 14. Nb3 axb4 15. axb4
Rxa1 16. Nxa1 Nf8 17. Nc2 N6d7 18. Na3 Nb8 19. Qb3 Na6 20. Be3 Bg5 21. Nc2 Bxe3
22. Nxe3 Ng6 23. g3 Qg5 24. Ra1 Ra8 25. Bf1 h5 26. Ra4 Nh4 27. Qa3 Nf3+ 28. Kg2
Ne1+ 29. Kh1 Qf6 30. Qa2 Kh7 31. Qe2 Qf3+ 32. Kg1 Qxe2 33. Bxe2 Nxb4 34. Rxb4
Ra3 35. Rb1 Nc2 36. Nxc2 Rxc3 37. Ne3 g6 38. Ra1 Bc8 39. Kg2 Kg7 40. Ra7 Rc1
41. Rxc7 Ba6 42. Rc6 Re1 43. Rxb6 Bc8 44. Bd3 h4 45. gxh4 f5 46. exf5 gxf5 47.
Bxf5 1-0

[Event "Madrid ch 2010-2011"]
[Site "Madrid ESP"]
[Date "2011.03.02"]
[Round "6.6"]
[White "Alcazar Jimenez, Jesus Alberto"]
[Black "Suarez Uriel, Adrian"]
[Result "1-0"]
[WhiteElo "2302"]
[BlackElo "2193"]
[PlyCount "93"]
[EventDate "2011.02.22"]
[EventType "tourn"]
[EventRounds "11"]
[EventCountry "ESP"]
[EventCategory "1"]
[Source "lmi"]
[SourceDate "2011.02.22"]

1. Nf3 g6 2. d4 Nf6 3. c4 Bg7 4. Nc3 d5 5. Bf4 O-O 6. e3 c5 7. Qb3 dxc4 8. Bxc4
cxd4 9. Nxd4 Qa5 10. Bxb8 Rxb8 11. Nc6 bxc6 12. Qxb8 Nd5 13. O-O Nb6 14. Qf4 g5
15. Qe4 Bf5 16. Qxc6 Rc8 17. Bxf7+ Kxf7 18. Qf3 Kg8 19. Rad1 Be6 20. Qe4 Qe5
21. Qb7 Qc7 22. Qe4 Qc4 23. Qb7 Qc7 24. Qe4 Bf7 25. f4 g4 26. f5 h5 27. Nb5 Qc4
28. Nd4 Nd5 29. b3 Qc5 30. Rc1 Qxc1 31. Rxc1 Rxc1+ 32. Kf2 Rc3 33. Ne6 Nxe3 34.
Qa8+ Kh7 35. Ng5+ Kh6 36. Nxf7+ Kh7 37. Ng5+ Kh6 38. Ne4 g3+ 39. hxg3 Ng4+ 40.
Ke2 Re3+ 41. Kd2 Kh7 42. Ng5+ Kh6 43. Qe8 Bc3+ 44. Kc2 Ne5 45. Nf7+ Nxf7 46.
Qxf7 Rxg3 47. Qxe7 1-0

[Event "Madrid ch 2010-2011"]
[Site "Madrid ESP"]
[Date "2011.03.03"]
[Round "7.1"]
[White "Suarez Uriel, Adrian"]
[Black "Gallardo Garcia, Andres"]
[Result "1/2-1/2"]
[WhiteElo "2193"]
[BlackElo "2370"]
[PlyCount "51"]
[EventDate "2011.02.22"]
[EventType "tourn"]
[EventRounds "11"]
[EventCountry "ESP"]
[EventCategory "1"]
[Source "lmi"]
[SourceDate "2011.02.22"]

1. e4 e5 2. Nf3 Nc6 3. Bb5 Nge7 4. Nc3 g6 5. d4 exd4 6. Nxd4 Bg7 7. Be3 O-O 8.
Qd2 d5 9. O-O-O dxe4 10. Bxc6 Nxc6 11. Nxc6 Qxd2+ 12. Rxd2 bxc6 13. Nxe4 Be6
14. Bd4 Bd5 15. Re1 Rfe8 16. Bxg7 Kxg7 17. Rde2 Re5 18. f3 Bc4 19. Re3 Rae8 20.
b3 Ba6 21. f4 R5e6 22. Kd2 Rd8+ 23. Kc3 Rde8 24. Kd2 Rd8+ 25. Kc3 Rde8 26. Kd2
1/2-1/2

[Event "Madrid ch 2010-2011"]
[Site "Madrid ESP"]
[Date "2011.03.03"]
[Round "7.2"]
[White "Spitzer Isbert, Ramon"]
[Black "Alcazar Jimenez, Jesus Alberto"]
[Result "0-1"]
[WhiteElo "2082"]
[BlackElo "2302"]
[PlyCount "70"]
[EventDate "2011.02.22"]
[EventType "tourn"]
[EventRounds "11"]
[EventCountry "ESP"]
[EventCategory "1"]
[Source "lmi"]
[SourceDate "2011.02.22"]

1. Nc3 Nf6 2. d4 d6 3. e4 Nbd7 4. g3 g6 5. Bg2 Bg7 6. Nge2 O-O 7. O-O e5 8. h3
exd4 9. Nxd4 Re8 10. Re1 Nb6 11. a4 a5 12. Ndb5 Nfd7 13. Bf4 Ne5 14. Kh2 Be6
15. Ne2 Nec4 16. b3 Bxa1 17. Qxa1 Ne5 18. Rd1 Bd7 19. Nec3 Bxb5 20. Nxb5 Nbd7
21. Be3 Nc6 22. Qc3 Rc8 23. f4 Qe7 24. Nd4 Nf6 25. Nxc6 bxc6 26. e5 dxe5 27.
Bxc6 exf4 28. Bxe8 fxg3+ 29. Kg2 Rxe8 30. Rd3 Nd5 31. Rxd5 Qe4+ 32. Kxg3 Qxd5
33. Bf4 Re2 34. Kg4 Rg2+ 35. Bg3 Qe4+ 0-1

[Event "Madrid ch 2010-2011"]
[Site "Madrid ESP"]
[Date "2011.03.03"]
[Round "7.3"]
[White "Gemy, Jose Daniel"]
[Black "Ramirez Garcia, Jorge Alberto"]
[Result "0-1"]
[WhiteElo "2301"]
[BlackElo "2255"]
[PlyCount "88"]
[EventDate "2011.02.22"]
[EventType "tourn"]
[EventRounds "11"]
[EventCountry "ESP"]
[EventCategory "1"]
[Source "lmi"]
[SourceDate "2011.02.22"]

1. f4 d5 2. Nf3 g6 3. g3 c5 4. Bg2 Nc6 5. O-O Bg7 6. d3 d4 7. Nbd2 Nh6 8. a4
Be6 9. Ne4 b6 10. Ne5 Nxe5 11. fxe5 Rc8 12. Bf4 Ng4 13. Ng5 Bxe5 14. Nxe6 fxe6
15. Bxe5 Nxe5 16. Qd2 Nf7 17. h4 Qd6 18. Rf4 O-O 19. Raf1 Nh8 20. h5 Rxf4 21.
Rxf4 g5 22. Rf3 h6 23. Qe1 Nf7 24. Rf1 Ne5 25. Be4 Rf8 26. Rxf8+ Kxf8 27. Qf2+
Kg7 28. Kh1 Qd7 29. b3 Qe8 30. Kg2 Ng4 31. Qg1 Ne3+ 32. Kf2 Qxh5 33. c4 Nc2 34.
Bf3 g4 35. Bc6 Qf5+ 36. Kg2 Ne3+ 37. Kh1 Qh5+ 38. Qh2 Qxh2+ 39. Kxh2 Nf1+ 40.
Kg2 Nd2 41. Be8 Kf6 42. a5 bxa5 43. Ba4 e5 44. Kf2 e4 0-1

[Event "Madrid ch 2010-2011"]
[Site "Madrid ESP"]
[Date "2011.03.03"]
[Round "7.4"]
[White "Candela Perez, Jose"]
[Black "De la Fuente Gonzalez, Francisco"]
[Result "1-0"]
[WhiteElo "2399"]
[BlackElo "2230"]
[PlyCount "131"]
[EventDate "2011.02.22"]
[EventType "tourn"]
[EventRounds "11"]
[EventCountry "ESP"]
[EventCategory "1"]
[Source "lmi"]
[SourceDate "2011.02.22"]

1. d4 d5 2. c4 c6 3. Nf3 Nf6 4. Nc3 a6 5. e3 b5 6. b3 Bg4 7. Be2 Nbd7 8. h3
Bxf3 9. Bxf3 e6 10. O-O Be7 11. Qc2 Rc8 12. Bb2 O-O 13. Ne2 c5 14. cxd5 cxd4
15. Qd3 Ne5 16. Qxd4 Nxf3+ 17. gxf3 Qxd5 18. Qxd5 Nxd5 19. Nd4 Bf6 20. Rac1
Rfd8 21. a3 h6 22. Ba1 Kh7 23. Rfd1 Ne7 24. f4 Nc6 25. Nxc6 Rxd1+ 26. Rxd1 Rxc6
27. Bxf6 gxf6 28. Rd7 Kg6 29. Ra7 f5 30. b4 Kf6 31. Kg2 Kg6 32. Kg3 Kf6 33. Kh4
Kg6 34. Kg3 Kf6 35. Kf3 Rd6 36. Ke2 Kg6 37. f3 f6 38. e4 Rc6 39. Kd3 Rd6+ 40.
Kc3 Rc6+ 41. Kd4 Rc4+ 42. Kd3 Rc6 43. e5 h5 44. Rd7 Rc4 45. Rd6 Rxf4 46. Rxe6
Rxf3+ 47. Kd4 Rxa3 48. h4 a5 49. Rxf6+ Kg7 50. bxa5 Rxa5 51. Rxf5 Ra4+ 52. Kd5
Rxh4 53. e6 Rh1 54. e7 Re1 55. Kd6 Kg6 56. Rf8 h4 57. e8=Q+ Rxe8 58. Rxe8 Kf5
59. Rh8 Kg4 60. Ke5 h3 61. Ke4 Kg3 62. Ke3 b4 63. Rg8+ Kh2 64. Kf2 Kh1 65. Rg1+
Kh2 66. Rg3 1-0

[Event "Madrid ch 2010-2011"]
[Site "Madrid ESP"]
[Date "2011.03.03"]
[Round "7.5"]
[White "Ramos Aldoradin, John Paul"]
[Black "Elissalt Cardenas, Hector"]
[Result "0-1"]
[WhiteElo "2125"]
[BlackElo "2359"]
[PlyCount "118"]
[EventDate "2011.02.22"]
[EventType "tourn"]
[EventRounds "11"]
[EventCountry "ESP"]
[EventCategory "1"]
[Source "lmi"]
[SourceDate "2011.02.22"]

1. e4 c6 2. d4 d5 3. e5 g6 4. h3 Na6 5. c3 Nc7 6. Be3 h5 7. Be2 Bg7 8. Nd2 a5
9. a4 b6 10. Bf3 h4 11. b4 Nh6 12. bxa5 bxa5 13. Nb3 Nf5 14. Bc1 Ne6 15. Ne2
Ba6 16. Bg4 Rb8 17. Ba3 Qb6 18. Rb1 Bh6 19. O-O Qc7 20. Re1 Nfg7 21. Qc2 O-O
22. Nc5 Nxc5 23. Bxc5 Kh7 24. Rxb8 Rxb8 25. Rb1 f5 26. exf6 exf6 27. Nc1 f5 28.
Be2 Bxe2 29. Rxb8 Qxb8 30. Nxe2 Ne6 31. Ba3 Kg8 32. Be7 Bg5 33. Bxg5 Nxg5 34.
Qc1 Nf7 35. Nf4 Kg7 36. Ne6+ Kf6 37. Nc5 Qc8 38. Qe3 g5 39. Qe2 g4 40. hxg4
fxg4 41. Qe3 Qf5 42. Qe8 g3 43. fxg3 hxg3 44. Qe1 Qg5 45. Nb7 Kg7 46. Nxa5 Qh4
47. Qe3 Qh2+ 48. Kf1 Qh1+ 49. Qg1 Qh6 50. Ke2 Qh5+ 51. Kd2 Nd6 52. Qe3 Ne4+ 53.
Kc2 Qf5 54. Qe2 c5 55. dxc5 Qf2 56. Kd3 Nxc5+ 57. Kd2 Ne4+ 58. Kd3 Qf6 59. Qg4+
Kh6 0-1

[Event "Madrid ch 2010-2011"]
[Site "Madrid ESP"]
[Date "2011.03.03"]
[Round "7.6"]
[White "Perez Gonzalez, Jose Manuel"]
[Black "Garcia Salamero, Gabriel"]
[Result "1-0"]
[WhiteElo "2279"]
[BlackElo "2177"]
[PlyCount "89"]
[EventDate "2011.02.22"]
[EventType "tourn"]
[EventRounds "11"]
[EventCountry "ESP"]
[EventCategory "1"]
[Source "lmi"]
[SourceDate "2011.02.22"]

1. e4 e5 2. Nc3 Nf6 3. f4 d5 4. fxe5 Nxe4 5. d3 Nxc3 6. bxc3 d4 7. Nf3 Nc6 8.
cxd4 Nxd4 9. c3 Nxf3+ 10. Qxf3 c6 11. d4 Be6 12. Bd3 Bd5 13. Qg3 Qd7 14. O-O h5
15. Bg5 g6 16. Bf6 h4 17. Bxh4 Be7 18. Bxe7 Qxe7 19. Rf2 O-O-O 20. Rb1 Qh4 21.
Qxh4 Rxh4 22. Bc2 Bxa2 23. Ra1 Bc4 24. Rxa7 Kc7 25. Ra3 Rh7 26. Bb3 Bxb3 27.
Rxb3 b5 28. h3 Ra8 29. Rf6 Re8 30. Ra3 Kb7 31. Rf2 Rb8 32. Rfa2 Kc7 33. Ra7+
Rb7 34. Rxb7+ Kxb7 35. Rf2 c5 36. d5 b4 37. cxb4 cxb4 38. Rf4 Kb6 39. d6 Kc5
40. d7 Rh8 41. Rxf7 b3 42. Rf1 Rd8 43. Rd1 b2 44. e6 g5 45. Kh2 1-0